Politics UK 3 - Statistics

General Stats
  • This quiz has been taken 32 times
  • The average score is 6 of 13
Answer Stats
Clue Answer % Correct
Former Labour Party leader, then European Commissioner. NK. Neil Kinnock
90%
Leader of the Labour Party, preceding the answer above. MF. Michael Foot
84%
Former Conservative Deputy Prime Minister, nickname, Tarzan. MH Michael Heseltine
65%
Former joint leader of the SDP, Liberal Alliance and former Foreign Secretary. DO. David Owen
61%
Former Education Secretary and one of the 'gang of four'. SW Shirley Williams
61%
Liberal Party PM from 1908-1916. HA Herbert Asquith
55%
Former interim (and Deputy) Leader of the Labour Party and MP since 1983, born in Ashton-under-Lyne. MB Margaret Beckett
52%
Former Thatcher Home Secretary 85-89.DH Douglas Hurd
29%
Defence Secretary from 89-92, made a life peer in 2001.TK Tom King
29%
Former Labour MP and Minister, who introduced the breathalyser, whilst in office. BC Barbara Castle
16%
Former Chair of the Intelligence and Security Committee, Tory grandee. MR Malcolm Rifkind
6%
Winner of the 1987 Greenwich by-election for the SDP. RB Rosie Barnes
6%
Former leader of the SDP, later Baron of Rogart, died in 2020. RM. Robert Maclennan
3%
No matching quizzes found
Score Distribution
Percent of People with Each Score
Percentile by Number Answered
Your Score History
You have not taken this quiz